Accorder la superficie au bon pays - Statistiques

Statistiques générales
  • Ce quiz a été pris 11 fois
  • Le résultat moyen est 5 sur 12
Statistiques - réponses
Hint Réponse % Correct
9 830 000 km² Etats-Unis
82%
2 380 000 km² Algérie
64%
357 588 km² Allemagne
45%
131 957 km² Grèce
45%
2 340 000 km² République Démocratique du Congo
45%
207 600 km² Biélorussie
36%
672 000 km² France
36%
3 290 000 km² Inde
36%
377 975 km² Japon
36%
2 780 000 km² Argentine
27%
1 900 000 km² Indonésie
27%
1 960 000 km² Mexique
27%
Aucun quiz correspondant
Distribution des résultats
% des personnes avec chaque résultat
Percentile par nombre de réponses
Votre historique - résultats
Vous n’avez pas pris ce quiz